| 000 | 00606 a2200181 4500 | ||
|---|---|---|---|
| 020 | _a0070616086 | ||
| 020 | _a9780070616080 | ||
| 082 | _a511.5 | ||
| 090 |
_c1516 _d1516 |
||
| 100 | 1 | _aChartrand, Ping Zhang Gary. | |
| 245 | 1 | 0 |
_aIntroduction to graph theory / _cPing Zhang Gary Chartrand. |
| 260 |
_a[S.l.] : _bTata Mcgraw Hill, _c2008. |
||
| 300 | _a1 v. (unpaged) | ||
| 490 | 1 | _aReprint. | |
| 830 | 0 | _aReprint. | |
| 942 |
_aSNS _cBK _k511.5 CHA |
||
| 999 |
_c30127 _d30127 |
||